000 01559cad a22002415a 4500
001 L154819
008 120120s2007 xxk f 000 0 eng d
035 _a(Sirsi) u154819
041 0 _aeng
110 2 _aOlympic Delivery Authority
_95117
245 0 0 _aConstruction
_bcode of construction practice, December 2007
_h[electronic resource]
260 _aLondon
_bODA
_c2007
505 2 _aGeneral principles -- General site operations -- public access and transport management -- noise and vibration -- air quality -- contaminated land -- waste management and recycling -- protection of surface and groundwater resources -- ecology -- archaeology and heritage -- pollution incident control
520 _aThis Code of Construction Practice supports the planning applications for site preparation works, venue and infrastructure construction, and works for the reconfiguration of infrastructure for legacy use, as submitted in February 2007. It sets out the management measures which the Olympic Delivery Authority (ODA) will require its contractors to adopt and implement for any construction on the Olympic Park site and related off-site activities.
590 _aKA
650 2 4 _aOLYMPIC GAMES 2012
651 4 _aUnited Kingdom
_y
690 _aPlanning and development
_96259
690 _aProject management
_96261
690 _aHealth and safety
_96244
856 4 0 _uhttps://www.london2012.com/documents/oda-health-and-safety/code-of-construction-practice-final-low-res.pdf
_zView the annual report free of charge at www.london2012.com
942 _n0
999 _c113178
_d113178